| 000 -GUIDE |
| Champ de contrôle de longueur fixe |
00973nam a22002777a 4500 |
| 003 - IDENTITÉ DU NUMÉRO DE CONTRÔLE |
| Champ de contrôle |
BI-BuBU |
| 008 - ÉLÉMENTS DE LONGUEUR FIXE - RENSEIGNEMENTS GÉNÉRAUX |
| Champ de contrôle de longueur fixe |
100111t be||||dr|||| 001 0dfre d |
| 020 ## - INTERNATIONAL STANDARD BOOK NUMBER |
| ISBN |
9782804139926 |
| 020 ## - INTERNATIONAL STANDARD BOOK NUMBER |
| ISBN |
2804139921 |
| 037 ## - SOURCE D'ACQUISITION |
| Source d'acquisition et du numéro d'inventaire |
Achat |
| 039 ## - NIVEAU DE CONTRÔLE BIBLIOGRAPHIQUE ET HISTORIQUE D'ENCODAGE [OBSOLETE] |
| Date creation |
bb |
| 040 ## - SOURCE DU CATALOGAGE |
| Organisme qui a effectué le catalogage original |
BI-BuBU |
| Code de la langue utilisée dans le catalogage |
fre |
| Organisme qui a effectué la transcription |
BI-BuBU |
| 080 ## - INDICE DE LA CLASSIFICATION DÉCIMALE UNIVERSELLE (CDU) |
| Indice de la Classification décimale universelle |
338.973. |
| 100 1# - VEDETTE PRINCIPALE - NOM DE PERSONNE |
| Code de relation |
aut. |
| Nom de personne |
Darreau, Philippe |
| 245 1# - MENTION DU TITRE |
| Titre |
Croissance et politique économique |
| Mention de responsabilité, etc. |
Philippe Darreau ; av.-pr. de Christian Bordes |
| 260 ## - PUBLICATION, DIFFUSION, ETC. (ADRESSE BIBLIOGRAPHIQUE) |
| Lieu de publication, diffusion, etc. |
Bruxelles |
| Nom de l'éditeur, diffuseur, etc. |
De Boeck Université |
| Date of publication, distribution, etc |
2003 |
| 300 ## - DESCRIPTION MATÉRIELLE |
| Collation |
315 p. |
| Autres caractéristiques matérielles |
couv. ill. en coul. |
| Dimensions |
24 cm. |
| 440 #0 - MENTION DE COLLECTION / VEDETTE SECONDAIRE DE TITRE |
| Titre |
Ouvertures économiques |
| Nom de la partie/section du document |
Balises |
| ISSN |
07772823 |
| 9 (RLIN) |
11140 |
| 504 ## - NOTE DE BIBLIOGRAPHIE ET INDEX. |
| Note de bibliographie et index. |
Bibliogr. Index |
| 650 #7 - VEDETTE-MATIÈRE - NOM COMMUN |
| Source du terme |
BI-BuBU |
| Vedette de sujet ou vedette comportant un nom géographique |
Croissance économique |
| 9 (RLIN) |
11141 |
| 650 #7 - VEDETTE-MATIÈRE - NOM COMMUN |
| Source du terme |
BI-BuBU |
| Vedette de sujet ou vedette comportant un nom géographique |
Politique économique |
| 9 (RLIN) |
11142 |
| 700 1# - VEDETTE SECONDAIRE - NOM DE PERSONNE |
| Code de relation |
pbd |
| Nom d'auteur |
Bordes, Christian |
| 9 (RLIN) |
11143 |
| 942 ## - ÉLÉMENTS D'ENTRÉE ADDITIONNELLE (KOHA) |
| Source de la classification ou du système de rangement |
|
| Type d item koha |
BOOK |